| 000 | 00644nam a2200217 a 4500 | ||
|---|---|---|---|
| 999 |
_c8603 _d8603 |
||
| 001 | 8603 | ||
| 003 | BD-JhCC | ||
| 005 | 20180228085640.0 | ||
| 008 | 180228s1964 bg a|||| ||a| 000 0 ben d | ||
| 035 | _a(BD-JhCC)8603 | ||
| 040 |
_aBD-JhCC _dBD-JhCC |
||
| 041 | _aben | ||
| 082 |
_a303.44 _bRAH 1964 |
||
| 100 | _aরহমান, হাবিবুর | ||
| 245 |
_aমৃত্তিকার জাগরণ / _cহাবিবুর রহমান, |
||
| 260 |
_aঢাকা : _bস্টুডেন্ট ওয়েজ, _c1964 |
||
| 300 |
_a274 p. : _c18 cm. |
||
| 650 | _aSocial Development | ||
| 942 |
_2ddc _cBK |
||